ბათუმის შოთა რუსთაველის სახელმწიფო უნივერსიტეტის ბიბლიოთეკა

ციფრული გადაცემის თანამედროვე ტექნოლოგიები (ბიბ.ჩანაწერი № 52345)

000 -LEADER
fixed length control field 01675nam a2200241Ia 4500
001 - CONTROL NUMBER
control field 19363
003 - CONTROL NUMBER IDENTIFIER
control field GE_BSU
008 - FIXED-LENGTH DATA ELEMENTS--GENERAL INFORMATION
fixed length control field 181216s||||||||xx |||||||||||||| ||und||
020 ## - INTERNATIONAL STANDARD BOOK NUMBER
International Standard Book Number 999288634X
040 ## - CATALOGING SOURCE
Transcribing agency GE_BSU
080 ## - UNIVERSAL DECIMAL CLASSIFICATION NUMBER
Universal Decimal Classification number 621.396
245 ## - TITLE STATEMENT
Title ციფრული გადაცემის თანამედროვე ტექნოლოგიები
245 ## - TITLE STATEMENT
Statement of responsibility, etc. რედ: მანან უკლება,ნ.თამაზაშვილის,ნ.გოთუას,თ.ვეკუას,თ.კიკნაძის,ი.კუბეციას და სხვ.რედაქციით
260 ## - PUBLICATION, DISTRIBUTION, ETC.
Place of publication, distribution, etc. თბილისი
260 ## - PUBLICATION, DISTRIBUTION, ETC.
Name of publisher, distributor, etc. დედაენა
260 ## - PUBLICATION, DISTRIBUTION, ETC.
Date of publication, distribution, etc. 2001
300 ## - PHYSICAL DESCRIPTION
Extent 271გვ;ცხრ,21სმ.
653 ## - INDEX TERM--UNCONTROLLED
Uncontrolled term განხილულია ტელეკომინიკაციის სფეროში დღეისათვის დანერგილი თანამედროვე ტექნოლოგიები.დაწვრილებითაა გაანალიზებული: გადაცემის ციფრული მეთოდების თავისებურებანი.ნაშრომი განკუთვნილია ტელეკომუნიკაციის სფეროში მომუშავე სპეციალისტებისათვის.
653 ## - INDEX TERM--UNCONTROLLED
Uncontrolled term ელექტროტექნიკა
653 ## - INDEX TERM--UNCONTROLLED
Uncontrolled term ინჟინერია
653 ## - INDEX TERM--UNCONTROLLED
Uncontrolled term ციფრული გადაცემის თანამედროვე ტექნოლოგიები
942 ## - ADDED ENTRY ELEMENTS (KOHA)
Koha item type წიგნი
ეგზემპლარები
Withdrawn status Lost status Damaged status Not for loan Date acquired Barcode Date last seen Price effective from Koha item type
        2018-12-17 48222 2018-12-17 2018-12-17 წიგნი